Ravel
Bewaard in:
| Hoofdauteur: | |
|---|---|
| Formaat: | Boek |
| Taal: | Frans |
| Gepubliceerd in: |
París
Gallimard
1948
|
| Onderwerpen: | |
| Tags: |
Voeg label toe
Geen labels, Wees de eerste die dit record labelt!
|
MARC
| LEADER | 00000nam a2200000 a 4500 | ||
|---|---|---|---|
| 001 | UCN2185 | ||
| 003 | CL-VaPUC | ||
| 008 | 010511e19480000FR |||||||||||||||||fre|d | ||
| 082 | 0 | 4 | |a 780.92 |b MAN |2 21 |
| 100 | |a Manuel, Roland |e autor |9 459222 | ||
| 245 | 1 | 0 | |a Ravel |
| 300 | |a 191 p | ||
| 942 | |c BK | ||
| 945 | |d 20010511 00:00:00 |a crobeson | ||
| 260 | |a París |b Gallimard |c 1948 | ||
| 600 | 0 | 7 | |a RAVEL, MAURICE |2 CL-VaPUC |9 457881 |
| 650 | 0 | |a Compositores franceses |9 328980 | |
| 650 | 0 | |a Música, siglo 20 |9 324961 | |
| 583 | |a last modification |c 20010511 00:00:00 |k Rodrigo Vera | ||
| 999 | |c 295343 |d 295341 | ||
| 952 | |0 0 |1 0 |4 0 |6 780_920000000000000_MAN_1948 |7 0 |8 A |9 348327 |a BIBEDU |b BIBEDU |d 2019-11-20 |i 1181971 |o 780.92 MAN 1948 |p 1181971 |r 2023-01-12 |w 2019-11-20 |y BK |k MUS | ||